Inovations in banking

SWIFT a jeho význam pre inovácie v bankovníctve. Inovácie v obchodnom financovaní. Inovácie v nedokumentárnom platobnom styku. Inovácie na znižovanie používania hotovosti. Elektronické bankovníctvo.

Saved in:
Bibliographic Details
Main Author: Jančíková, Eva, 1960-
Format: Book Chapter
Language:Slovak
Subjects:
Tags: Add Tag
No Tags, Be the first to tag this record!

MARC

LEADER 00000nla a2200000 4500
001 0200149
005 20240502073403.8
041 0 |a slo 
044 |a SK 
245 1 0 |a Inovations in banking  |c Eva Jančíková 
520 |a SWIFT a jeho význam pre inovácie v bankovníctve. Inovácie v obchodnom financovaní. Inovácie v nedokumentárnom platobnom styku. Inovácie na znižovanie používania hotovosti. Elektronické bankovníctvo. 
610 2 0 |a bankovníctvo 
610 2 0 |a banky 
610 2 0 |a inovácia 
610 2 0 |a styk platobný 
610 2 0 |a platby bezhotovostné 
610 2 0 |a účty bankové 
610 2 0 |a bankovníctvo elektronické 
610 2 0 |a euro 
100 1 |a Jančíková, Eva, 1960-